[Event "XLVII C.to Italiano a squadre Master"]
[Site "Civitanova Marche ITA"]
[Date "2015.05.01"]
[Round "4"]
[White "Ferro, Mario"]
[Black "Vancini, Edoardo"]
[WhiteElo "2285"]
[BlackElo "2274"]
[Result "1/2-1/2"]
[PlyCount "38"]
[EventDate "2015.04.29"]

1. d4 f5 2. Nf3 Nf6 3. g3 e6 4. Bg2 d5 5. Bf4 Be7 6. Qc1 O-O 7. c4 Nc6 8. O-O
Ne4 9. Nc3 g5 10. Be3 Bf6 11. Rd1 h6 12. Ne1 Ne7 13. Nxe4 fxe4 14. f3 exf3 15.
Nxf3 Nf5 16. Bf2 Nd6 17. Nd2 Nf5 18. Nf3 Nd6 19. Nd2 Nf5 1/2-1/2

[Event "XLVII C.to Italiano a squadre Master"]
[Site "Civitanova Marche ITA"]
[Date "2015.05.01"]
[Round "4"]
[White "Garcia Palermo, Carlos Horacio"]
[Black "Ortega, Lexy"]
[WhiteElo "2427"]
[BlackElo "2470"]
[Result "0-1"]
[PlyCount "48"]
[EventDate "2015.04.29"]

1. d4 d5 2. c4 c6 3. e3 Nf6 4. Bd3 e5 5. Nc3 e4 6. Bc2 Bd6 7. h3 O-O 8. c5 Bc7
9. b4 g6 10. f4 exf3 11. Qxf3 Nh5 12. Nge2 f5 13. O-O Nd7 14. Bd2 Ndf6 15. Rab1
Be6 16. a4 Qd7 17. b5 Ne4 18. Be1 Ng5 19. Qf2 f4 20. bxc6 bxc6 21. exf4 Nxf4
22. Qh4 Nfxh3+ 23. gxh3 Rxf1+ 24. Kxf1 Rf8+ 0-1

[Event "XLVII C.to Italiano a squadre Master"]
[Site "Civitanova Marche ITA"]
[Date "2015.05.01"]
[Round "4"]
[White "Gilevych, Artem"]
[Black "Palac, Mladen"]
[WhiteElo "2393"]
[BlackElo "2578"]
[Result "1/2-1/2"]
[PlyCount "40"]
[EventDate "2015.04.29"]

1. d4 Nf6 2. Nf3 e6 3. c4 b6 4. a3 Bb7 5. Nc3 d5 6. Bg5 Be7 7. e3 O-O 8. Bd3
Nbd7 9. O-O c5 10. Qe2 Ne4 11. Bxe7 Qxe7 12. Rac1 Rac8 13. cxd5 exd5 14. Ba6
Ndf6 15. dxc5 bxc5 16. Rfd1 Rb8 17. Bxb7 Qxb7 18. Nxe4 Nxe4 19. Rc2 c4 20. Rd4
Rfe8 1/2-1/2

[Event "XLVII C.to Italiano a squadre Master"]
[Site "Civitanova Marche ITA"]
[Date "2015.05.01"]
[Round "4"]
[White "Horvath, Csaba"]
[Black "Iordachescu, Viorel"]
[WhiteElo "2546"]
[BlackElo "2588"]
[Result "1-0"]
[PlyCount "113"]
[EventDate "2015.04.29"]

1. d4 Nf6 2. c4 e6 3. Nf3 Bb4+ 4. Bd2 a5 5. g3 d6 6. Bg2 Nbd7 7. O-O e5 8. Qe1
exd4 9. Nxd4 O-O 10. Nb5 Re8 11. Bxb4 axb4 12. Qxb4 Rxe2 13. N1c3 Re8 14. Rad1
Ra6 15. a3 Nc5 16. Nd5 Nxd5 17. Rxd5 h6 18. Re1 Rxe1+ 19. Qxe1 Bd7 20. b4 Ne6
21. Rd3 Bc6 22. Bd5 Ra8 23. Bxe6 fxe6 24. Qxe6+ Kh8 25. Nd4 Bd7 26. Qd5 Rb8 27.
Qf7 Qe8 28. Qxe8+ Rxe8 29. Re3 Ra8 30. Nb5 Kg8 31. Nxc7 Rc8 32. Nb5 Rxc4 33.
Nxd6 Rc2 34. Kg2 Bc6+ 35. Ne4 g5 36. g4 Ra2 37. Kg3 Bxe4 38. Rxe4 Rxa3+ 39. f3
Rb3 40. Re6 Rxb4 41. Rxh6 Kg7 42. Rh5 Kf6 43. h4 gxh4+ 44. Kxh4 b5 45. Rc5 Ke6
46. Kg5 Kd6 47. Rc8 Rd4 48. f4 b4 49. f5 Kd7 50. Ra8 Kc7 51. f6 Rd5+ 52. Kh6 b3
53. f7 Rd6+ 54. Kg7 b2 55. f8=Q Rd7+ 56. Kf6 b1=Q 57. Qc8+ 1-0

[Event "XLVII C.to Italiano a squadre Master"]
[Site "Civitanova Marche ITA"]
[Date "2015.05.01"]
[Round "4"]
[White "Ladron De Guevara Pinto, Paolo"]
[Black "Stromboli, Carlo"]
[WhiteElo "2316"]
[BlackElo "2339"]
[Result "1-0"]
[PlyCount "101"]
[EventDate "2015.04.29"]

1. e4 e5 2. Nf3 Nc6 3. Bb5 a6 4. Ba4 Nf6 5. O-O b5 6. Bb3 Bc5 7. c3 d6 8. d4
Bb6 9. Be3 O-O 10. Nbd2 h6 11. h3 Bb7 12. d5 Ne7 13. Bxb6 cxb6 14. Re1 Ng6 15.
g3 Bc8 16. Kg2 Nh5 17. Ng1 Qg5 18. Ndf3 Qd8 19. Nh2 Qg5 20. Nhf3 Qd8 21. Kh2
Nf6 22. Bc2 Nh7 23. Rf1 f5 24. exf5 Bxf5 25. Bxf5 Rxf5 26. Nd2 Qd7 27. Qe2 Raf8
28. Ne4 Nf6 29. f3 Ne7 30. Nxf6+ R5xf6 31. Rad1 Qc7 32. Rfe1 h5 33. h4 Nf5 34.
Nh3 Ne7 35. Ng5 Qd7 36. Qe3 Qb7 37. Qd3 Rg6 38. Rd2 Qd7 39. f4 Rxg5 40. fxg5 g6
41. Rf1 Qg4 42. Qe2 Qc4 43. Qxc4 bxc4 44. g4 Kg7 45. Kg3 b5 46. Rdf2 hxg4 47.
Rf6 Nf5+ 48. Kxg4 e4 49. Kf4 e3 50. h5 gxh5 51. Kxf5 1-0

[Event "XLVII C.to Italiano a squadre Master"]
[Site "Civitanova Marche ITA"]
[Date "2015.05.01"]
[Round "4"]
[White "Luciani, Valerio"]
[Black "Vocaturo, Daniele"]
[WhiteElo "2189"]
[BlackElo "2594"]
[Result "0-1"]
[PlyCount "64"]
[EventDate "2015.04.29"]

1. d4 Nf6 2. c4 e6 3. Nf3 d5 4. e3 b6 5. b3 Bb7 6. Bb2 Nbd7 7. Bd3 Bd6 8. Nbd2
O-O 9. O-O Ne4 10. Qe2 f5 11. Rfd1 Qf6 12. Nf1 Qh6 13. Ne5 Nxe5 14. dxe5 Bc5
15. f3 Ng5 16. Kh1 Rad8 17. Rac1 f4 18. cxd5 fxe3 19. b4 Bxb4 20. Nxe3 Bc5 21.
Rxc5 bxc5 22. Bc4 Kh8 23. Bc1 Qg6 24. Qb2 Bxd5 25. Nxd5 exd5 26. Rxd5 Rxd5 27.
Bxd5 Qd3 28. h4 Qxd5 29. hxg5 Re8 30. f4 Rd8 31. Be3 Qe4 32. Qf2 Rd3 0-1

[Event "XLVII C.to Italiano a squadre Master"]
[Site "Civitanova Marche ITA"]
[Date "2015.05.01"]
[Round "4"]
[White "Mazzilli, Piero"]
[Black "Cocchi, Andrea"]
[WhiteElo "2353"]
[BlackElo "2272"]
[Result "1/2-1/2"]
[PlyCount "198"]
[EventDate "2015.04.29"]

1. d4 Nf6 2. Nf3 e6 3. Bg5 c5 4. e3 b6 5. Nbd2 Bb7 6. Bd3 Be7 7. c3 d6 8. h3
Nbd7 9. O-O O-O 10. Re1 Nd5 11. Bxe7 Qxe7 12. e4 Nf4 13. Bf1 Ng6 14. a4 a6 15.
Nc4 d5 16. exd5 Bxd5 17. Nfe5 Ndxe5 18. Nxe5 Nxe5 19. Rxe5 Rfd8 20. Re3 cxd4
21. Qxd4 Bxg2 22. Qxb6 Rdb8 23. Qd4 Bxf1 24. Rxf1 Rxb2 25. Rg3 g6 26. Rd1 Rab8
27. h4 h5 28. Qe4 Qb7 29. Qe5 Rb1 30. Rxb1 Qxb1+ 31. Kh2 Kh7 32. c4 Rc8 33. Rf3
Kg8 34. Qf6 Qb7 35. Rf4 Qd7 36. Rd4 Qc7+ 37. Kg2 Re8 38. Kf3 e5 39. Re4 Re6 40.
Qg5 Kg7 41. Qd2 Qb6 42. Kg2 Qc6 43. Qd5 f6 44. f4 Qxd5 45. cxd5 Rd6 46. fxe5
Rxd5 47. exf6+ Kxf6 48. Kg3 Kf5 49. Rc4 Ke5 50. Rc6 Rd3+ 51. Kg2 Rd2+ 52. Kg3
Rd3+ 53. Kg2 Rd6 54. Rc5+ Kd4 55. Rg5 Rf6 56. Kg3 Kc4 57. Re5 Kb4 58. Re4+ Ka5
59. Rd4 Rf1 60. Re4 Rb1 61. Kf4 Rg1 62. Re6 Rg4+ 63. Kf3 Rxa4 64. Rxg6 Rxh4 65.
Re6 Kb5 66. Re5+ Kb4 67. Kg3 Rg4+ 68. Kf3 Rh4 69. Kg3 Rd4 70. Rxh5 a5 71. Kf3
a4 72. Ke3 Rd8 73. Rh7 a3 74. Rb7+ Kc4 75. Rc7+ Kb3 76. Rb7+ Kc2 77. Rc7+ Kb2
78. Rb7+ Kc1 79. Rc7+ Kb1 80. Rb7+ Ka1 81. Ke2 Rd4 82. Rb8 Rh4 83. Kd2 Rh2+ 84.
Kc1 Rb2 85. Ra8 Rb3 86. Kc2 Ka2 87. Ra7 Rb2+ 88. Kc1 Rb4 89. Kc2 Rc4+ 90. Kd2
Rb4 91. Kc2 Rb2+ 92. Kc1 Rh2 93. Rb7 Rh1+ 94. Kc2 Ka1 95. Ra7 Rh3 96. Ra8 a2
97. Rb8 Rh2+ 98. Kc1 Rh1+ 99. Kc2 Rb1 1/2-1/2

[Event "XLVII C.to Italiano a squadre Master"]
[Site "Civitanova Marche ITA"]
[Date "2015.05.01"]
[Round "4"]
[White "Molon, Andrea"]
[Black "Mogranzini, Roberto"]
[WhiteElo "1876"]
[BlackElo "2494"]
[Result "0-1"]
[PlyCount "112"]
[EventDate "2015.04.29"]

1. d4 Nf6 2. Bg5 e6 3. Bxf6 Qxf6 4. e3 b6 5. Qf3 Qxf3 6. Nxf3 Bb7 7. Be2 d6 8.
O-O Nd7 9. Nbd2 Be7 10. c4 f5 11. Ne1 e5 12. d5 a5 13. Nc2 Nc5 14. a4 Bc8 15.
b3 O-O 16. Na3 Bf6 17. Ra2 Bd7 18. Nb5 Bxb5 19. axb5 e4 20. Bd1 Bc3 21. Nb1 Be5
22. Bc2 Rae8 23. Re1 g6 24. g3 g5 25. Nd2 Bc3 26. Rd1 Bxd2 27. Rxd2 Kg7 28. Ra1
h5 29. Re1 h4 30. Kg2 Rh8 31. Rd4 Rh6 32. Kf1 hxg3 33. hxg3 Rh2 34. Ke2 Reh8
35. Rdd1 Kf6 36. Rg1 Ke5 37. Rdf1 Nd7 38. Kd2 Kf6 39. g4 Ne5 40. Rg3 Nxg4 41.
Rxg4 fxg4 42. Bxe4 g3 43. Ke2 Rxf2+ 44. Rxf2+ gxf2 45. Kxf2 g4 46. Bg2 Kg5 47.
Kg3 Rf8 48. e4 Rf4 49. e5 dxe5 50. c5 bxc5 51. d6 cxd6 52. b6 Rb4 53. b7 Rxb3+
54. Kh2 Kf4 55. Bd5 Rb2+ 56. Kg1 a4 0-1

[Event "XLVII C.to Italiano a squadre Master"]
[Site "Civitanova Marche ITA"]
[Date "2015.05.01"]
[Round "4"]
[White "Schacher, Gerd"]
[Black "Malloni, Marcello"]
[WhiteElo "2374"]
[BlackElo "2348"]
[Result "0-1"]
[PlyCount "94"]
[EventDate "2015.04.29"]

1. Nf3 d5 2. g3 c6 3. Bg2 Bg4 4. c4 e6 5. O-O Nf6 6. d3 Nbd7 7. Nbd2 Bc5 8. a3
a5 9. b3 O-O 10. Bb2 Re8 11. Re1 e5 12. cxd5 cxd5 13. d4 exd4 14. Nxd4 Ne5 15.
N2f3 Qb6 16. Nxe5 Rxe5 17. Qd3 Rae8 18. e3 Bd7 19. Nf3 Bf5 20. Qd1 R5e7 21. Bd4
Be4 22. Bxc5 Qxc5 23. Qd4 Qc2 24. Nd2 Bxg2 25. Kxg2 Rc7 26. Rab1 Rc3 27. Rec1
Qxc1 28. Rxc1 Rxc1 29. Qb6 Rc2 30. Qxa5 h6 31. Qb4 Ra2 32. e4 dxe4 33. Kg1 e3
34. fxe3 Rxe3 35. Nf1 Ree2 36. Qxb7 Rxa3 37. b4 g6 38. b5 Kg7 39. b6 Rb3 40.
Qc7 Reb2 41. Qd8 Rxb6 42. Qd4 R6b4 43. Qc3 R4b3 44. Qc4 Ra3 45. Qd4 Raa2 46.
Qc3 Rb1 47. Qd4 Raa1 0-1

[Event "XLVII C.to Italiano a squadre Master"]
[Site "Civitanova Marche ITA"]
[Date "2015.05.01"]
[Round "4"]
[White "Socko, Bartosz"]
[Black "Brunello, Sabino"]
[WhiteElo "2628"]
[BlackElo "2525"]
[Result "1-0"]
[PlyCount "65"]
[EventDate "2015.04.29"]

1. e4 e5 2. Nf3 Nc6 3. Bc4 Bc5 4. c3 Nf6 5. d3 d6 6. Nbd2 a6 7. Bb3 O-O 8. O-O
Ba7 9. h3 h6 10. Re1 Re8 11. Nf1 Be6 12. Ng3 Qd7 13. Nh4 Bxb3 14. axb3 d5 15.
Qf3 Re6 16. Ngf5 Kh7 17. g4 dxe4 18. dxe4 Ng8 19. g5 Rd8 20. gxh6 g6 21. Qg2
Bc5 22. Kh2 Bf8 23. Rg1 Qe8 24. Nf3 f6 25. Qg4 Qf7 26. N3h4 Nce7 27. Nxe7 Nxe7
28. Be3 Bxh6 29. Bxh6 Kxh6 30. Nf5+ gxf5 31. exf5 Rc6 32. Ra4 Rd2 33. Qg7+ 1-0

[Event "XLVII C.to Italiano a squadre Master"]
[Site "Civitanova Marche ITA"]
[Date "2015.05.01"]
[Round "4"]
[White "Swiercz, Dariusz"]
[Black "Rombaldoni, Axel"]
[WhiteElo "2622"]
[BlackElo "2501"]
[Result "1-0"]
[PlyCount "71"]
[EventDate "2015.04.29"]

1. e4 e6 2. d4 d5 3. Nc3 Nf6 4. e5 Nfd7 5. f4 c5 6. Nf3 Nc6 7. Be3 Be7 8. Qd2
O-O 9. Be2 a6 10. O-O b5 11. Nd1 b4 12. c3 a5 13. Bf2 cxd4 14. cxd4 a4 15. Ne3
Nb6 16. Bd3 g6 17. Qe2 Na5 18. g4 f5 19. exf6 Bxf6 20. Ne5 Nd7 21. Rac1 Nxe5
22. fxe5 Bg5 23. h4 Bf4 24. g5 Nc4 25. Ng4 Bxc1 26. Rxc1 b3 27. a3 Ba6 28. Nf6+
Rxf6 29. gxf6 Qd7 30. Kh2 Kh8 31. Rg1 Rg8 32. Rg5 Qf7 33. h5 gxh5 34. Qxh5 Rf8
35. Bg6 Qg8 36. Be8 1-0

[Event "XLVII C.to Italiano a squadre Master"]
[Site "Civitanova Marche ITA"]
[Date "2015.05.02"]
[Round "6"]
[White "Altini, Nicola"]
[Black "Rombaldoni, Axel"]
[WhiteElo "2410"]
[BlackElo "2501"]
[Result "0-1"]
[PlyCount "80"]
[EventDate "2015.04.29"]

1. d4 Nf6 2. c4 g6 3. Nc3 d5 4. cxd5 Nxd5 5. Bd2 Bg7 6. e4 Nb6 7. Be3 O-O 8. h3
Nc6 9. Nf3 f5 10. exf5 gxf5 11. Qd2 f4 12. Bxf4 Nxd4 13. Nxd4 Qxd4 14. Qxd4
Bxd4 15. Bg3 c6 16. Rd1 e5 17. Be2 Be6 18. O-O a5 19. Kh2 a4 20. a3 Bc4 21. Rd2
Bxe2 22. Rxe2 Ra5 23. Re4 h5 24. Rh4 Rf5 25. Rb1 Nc4 26. Ne2 Rd5 27. Nc3 Ra5
28. Ne2 c5 29. f3 Rb5 30. Be1 Nxa3 31. Rd1 Rxb2 32. Ng3 Rg5 33. Bd2 Rxg3 34.
Kxg3 Nc4 35. Rxh5 Rxd2 36. Rb1 Rb2 37. Rc1 Ne3 38. f4 e4 39. f5 Rxg2+ 40. Kf4
Nd5+ 0-1

[Event "XLVII C.to Italiano a squadre Master"]
[Site "Civitanova Marche ITA"]
[Date "2015.05.02"]
[Round "6"]
[White "Cappai, Davide"]
[Black "Rombaldoni, Denis"]
[WhiteElo "2262"]
[BlackElo "2479"]
[Result "0-1"]
[PlyCount "122"]
[EventDate "2015.04.29"]

1. d4 d6 2. e4 Nf6 3. Nc3 Nbd7 4. g3 e5 5. Nge2 h5 6. h3 Be7 7. Bg2 h4 8. g4
Nf8 9. Be3 Ne6 10. f4 exf4 11. Nxf4 Nh7 12. Nce2 Bg5 13. Qd2 c6 14. O-O-O Nxf4
15. Nxf4 O-O 16. Kb1 a5 17. Rhf1 a4 18. a3 Bd7 19. Bg1 Qa5 20. Qf2 Ra6 21. Rfe1
Rb6 22. Ka1 Re8 23. Bf1 d5 24. e5 Be7 25. Qe3 Ng5 26. Ka2 Ne4 27. Bg2 Bg5 28.
Bh2 Be6 29. Ka1 Rc8 30. Bxe4 dxe4 31. Qe2 Bxf4 32. Bxf4 Qd5 33. c4 Qxc4 34.
Qxc4 Bxc4 35. Rxe4 Rb3 36. Re3 Rd8 37. Rc3 Be2 38. Rd2 Bf1 39. Bg5 Rd5 40. Bxh4
Bxh3 41. g5 Kh7 42. Bf2 Bf5 43. Rc4 Rh3 44. Rc1 Kg6 45. Rg1 Rh2 46. Rc1 c5 47.
Rcd1 b5 48. Be3 Rxd2 49. Rxd2 cxd4 50. Bxd4 Be4 51. Ka2 Kxg5 52. Bc3 Rxd2 53.
Bxd2+ Kf5 54. b4 g5 55. Kb2 g4 56. Bc3 Bd3 57. Bd4 Ke4 58. Kc3 Bc4 59. Bb6 Kxe5
60. Bd4+ Ke4 61. Bf6 g3 0-1

[Event "XLVII C.to Italiano a squadre Master"]
[Site "Civitanova Marche ITA"]
[Date "2015.05.02"]
[Round "6"]
[White "Caprio, Guido"]
[Black "Cherin, Diego"]
[WhiteElo "2418"]
[BlackElo "2232"]
[Result "1-0"]
[PlyCount "75"]
[EventDate "2015.04.29"]

1. d4 Nf6 2. c4 e6 3. Nc3 Bb4 4. e3 b6 5. Nge2 c5 6. a3 Ba5 7. Rb1 Na6 8. g3
Bb7 9. d5 b5 10. Bg2 bxc4 11. O-O O-O 12. e4 d6 13. dxe6 fxe6 14. Qa4 Bxc3 15.
bxc3 Qc8 16. Qxc4 Bxe4 17. Bxe4 d5 18. Bxh7+ Nxh7 19. Qd3 c4 20. Qe3 Nc5 21.
Nd4 Re8 22. Nb5 Qc6 23. Qe5 Nd3 24. Qc7 Rec8 25. Qxc6 Rxc6 26. Be3 Nc5 27. Rfe1
Nd3 28. Rf1 a6 29. Nd4 Rd6 30. Rb7 Rf8 31. f4 Nf6 32. Nf3 Rdd8 33. Rfb1 Ng4 34.
Bd4 e5 35. Nxe5 Ngxe5 36. fxe5 Rf7 37. e6 Rxb7 38. Rxb7 1-0

[Event "XLVII C.to Italiano a squadre Master"]
[Site "Civitanova Marche ITA"]
[Date "2015.05.02"]
[Round "6"]
[White "Collutiis, Duilio"]
[Black "Cocchi, Andrea"]
[WhiteElo "2477"]
[BlackElo "2272"]
[Result "1/2-1/2"]
[PlyCount "30"]
[EventDate "2015.04.29"]

1. e4 e6 2. d4 d5 3. Nd2 Be7 4. Ngf3 Nf6 5. Bd3 c5 6. dxc5 O-O 7. O-O Bxc5 8.
Qe2 Nc6 9. c3 b6 10. e5 Nd7 11. Nb3 Be7 12. Bf4 Nc5 13. Nxc5 bxc5 14. c4 Nb4
15. Bb1 Ba6 1/2-1/2

[Event "XLVII C.to Italiano a squadre Master"]
[Site "Civitanova Marche ITA"]
[Date "2015.05.02"]
[Round "6"]
[White "De Filomeno, Simone"]
[Black "Aghayev, Miragha"]
[WhiteElo "2440"]
[BlackElo "2367"]
[Result "1/2-1/2"]
[PlyCount "39"]
[EventDate "2015.04.29"]

1. Nf3 d5 2. d4 Nf6 3. Bf4 e6 4. e3 Bd6 5. Bxd6 Qxd6 6. Nbd2 O-O 7. Be2 Nbd7 8.
O-O e5 9. dxe5 Nxe5 10. c4 dxc4 11. Nxe5 Qxe5 12. Nxc4 Qe7 13. Qc2 Rd8 14. Rad1
Be6 15. b3 c6 16. Bf3 Rxd1 17. Rxd1 Rd8 18. Rxd8+ Qxd8 19. Qd2 Qxd2 20. Nxd2
1/2-1/2

[Event "XLVII C.to Italiano a squadre Master"]
[Site "Civitanova Marche ITA"]
[Date "2015.05.02"]
[Round "6"]
[White "Ferro, Mario"]
[Black "Dvirnyy, Danyyil"]
[WhiteElo "2285"]
[BlackElo "2536"]
[Result "1-0"]
[PlyCount "59"]
[EventDate "2015.04.29"]

1. Nf3 g6 2. e4 Bg7 3. d4 d6 4. c4 Nf6 5. Nc3 O-O 6. h3 e5 7. d5 Na6 8. Bg5 Qe8
9. Be2 Kh8 10. g4 Ng8 11. Rg1 Bd7 12. Rb1 Nc5 13. b4 Na4 14. Nxa4 Bxa4 15. Qd3
c6 16. dxc6 Qxc6 17. b5 Qc7 18. Rb4 d5 19. Rxa4 dxe4 20. Qxe4 f5 21. gxf5 gxf5
22. Qh4 Rae8 23. Qh5 e4 24. Nh4 Re6 25. Bd2 Nh6 26. Ra3 e3 27. Rxe3 Rxe3 28.
Bxe3 f4 29. Bd4 Bxd4 30. Qxh6 1-0

[Event "XLVII C.to Italiano a squadre Master"]
[Site "Civitanova Marche ITA"]
[Date "2015.05.02"]
[Round "6"]
[White "Garcia Palermo, Carlos Horacio"]
[Black "Boscolo, Federico"]
[WhiteElo "2427"]
[BlackElo "2313"]
[Result "1-0"]
[PlyCount "87"]
[EventDate "2015.04.29"]

1. d4 Nf6 2. c4 g6 3. Nc3 Bg7 4. e4 d6 5. Nge2 O-O 6. Ng3 c5 7. d5 e6 8. Be2
exd5 9. exd5 Nbd7 10. O-O a6 11. a4 Ne8 12. Ra3 f5 13. f4 Ndf6 14. h3 Nc7 15.
a5 Re8 16. Bf3 Rb8 17. Na4 Na8 18. Bd2 Bd7 19. b4 Bxa4 20. Rxa4 b5 21. cxb5
axb5 22. Ra3 Nc7 23. a6 Nfxd5 24. Rd3 Nxb4 25. Bxb4 cxb4 26. Rxd6 Qe7 27. Qb3+
Kh8 28. Rfd1 Rb6 29. Rd7 Qc5+ 30. Kh2 Nxa6 31. Qf7 Qf8 32. Qa2 b3 33. Qa5 Qf6
34. Bd5 b2 35. Ba2 Nc5 36. Rf7 Qc6 37. Bd5 Qd6 38. Ba2 Qc6 39. Bd5 Qd6 40. Ba2
Qxd1 41. Qxb6 Ne4 42. Qxb5 Rd8 43. Rxg7 Nd2 44. Rg8+ 1-0

[Event "XLVII C.to Italiano a squadre Master"]
[Site "Civitanova Marche ITA"]
[Date "2015.05.02"]
[Round "6"]
[White "Gilevych, Artem"]
[Black "Iordachescu, Viorel"]
[WhiteElo "2393"]
[BlackElo "2588"]
[Result "1/2-1/2"]
[PlyCount "33"]
[EventDate "2015.04.29"]

1. Nf3 Nf6 2. c4 e6 3. e3 c5 4. d4 g6 5. Nc3 Bg7 6. Bd3 O-O 7. O-O b6 8. Qe2
Bb7 9. Rd1 d6 10. a3 Nc6 11. Rb1 cxd4 12. exd4 d5 13. Bg5 h6 14. cxd5 exd5 15.
Bxf6 Bxf6 16. Ba6 Bxa6 17. Qxa6 1/2-1/2

[Event "XLVII C.to Italiano a squadre Master"]
[Site "Civitanova Marche ITA"]
[Date "2015.05.02"]
[Round "6"]
[White "Lenic, Luka"]
[Black "Brunello, Sabino"]
[WhiteElo "2642"]
[BlackElo "2525"]
[Result "1/2-1/2"]
[PlyCount "39"]
[EventDate "2015.04.29"]

1. c4 c6 2. e4 d5 3. exd5 cxd5 4. cxd5 Nf6 5. Nc3 Nxd5 6. Bb5+ Bd7 7. Bc4 Nb6
8. Bb3 e6 9. Nf3 Bc6 10. O-O Be7 11. d4 N8d7 12. Re1 O-O 13. a3 Rc8 14. Bc2 Nd5
15. Qd3 g6 16. Bh6 Re8 17. Ne4 N5f6 18. Nc3 Nd5 19. Ne4 N5f6 20. Nc3 1/2-1/2

[Event "XLVII C.to Italiano a squadre Master"]
[Site "Civitanova Marche ITA"]
[Date "2015.05.02"]
[Round "6"]
[White "Luciani, Valerio"]
[Black "Misiano, Franco"]
[WhiteElo "2189"]
[BlackElo "2313"]
[Result "1/2-1/2"]
[PlyCount "61"]
[EventDate "2015.04.29"]

1. c4 e5 2. Nc3 Nc6 3. g3 g6 4. Bg2 Bg7 5. d3 d6 6. e4 h5 7. h4 Bg4 8. f3 Be6
9. Nge2 Qd7 10. Be3 Nd4 11. Qd2 c6 12. O-O Bh3 13. b4 Ne7 14. Rab1 Bxg2 15.
Kxg2 O-O 16. Bh6 Nxe2 17. Nxe2 d5 18. Bxg7 Kxg7 19. Qb2 f6 20. f4 d4 21. fxe5
fxe5 22. Qd2 Ng8 23. Qg5 Qe6 24. Rxf8 Rxf8 25. Rf1 Rxf1 26. Kxf1 Qf6+ 27. Kg2
Nh6 28. Ng1 Ng4 29. Nf3 Ne3+ 30. Kf2 Nd1+ 31. Kg2 1/2-1/2

[Event "XLVII C.to Italiano a squadre Master"]
[Site "Civitanova Marche ITA"]
[Date "2015.05.02"]
[Round "6"]
[White "Malloni, Marcello"]
[Black "Yao, Stefano"]
[WhiteElo "2348"]
[BlackElo "2269"]
[Result "1/2-1/2"]
[PlyCount "29"]
[EventDate "2015.04.29"]

1. e4 d6 2. d4 e5 3. dxe5 dxe5 4. Qxd8+ Kxd8 5. Bc4 Ke8 6. Be3 Nf6 7. f3 Nbd7
8. Ne2 Bc5 9. Bxc5 Nxc5 10. Nd2 Be6 11. Bxe6 Nxe6 12. Nc4 Nd7 13. O-O-O f6 14.
Ng3 Nb6 15. Na5 1/2-1/2

[Event "XLVII C.to Italiano a squadre Master"]
[Site "Civitanova Marche ITA"]
[Date "2015.05.02"]
[Round "6"]
[White "Mazzilli, Piero"]
[Black "Godena, Michele"]
[WhiteElo "2353"]
[BlackElo "2503"]
[Result "1/2-1/2"]
[PlyCount "34"]
[EventDate "2015.04.29"]

1. c4 e6 2. Nf3 d5 3. b3 Nf6 4. g3 Be7 5. Bg2 O-O 6. O-O b6 7. Bb2 Bb7 8. e3
Nbd7 9. d4 c5 10. Nbd2 Rc8 11. Rc1 Rc7 12. Qe2 Qa8 13. Ne5 cxd4 14. exd4 dxc4
15. Bxb7 Qxb7 16. bxc4 Rd8 17. a3 a6 1/2-1/2

[Event "XLVII C.to Italiano a squadre Master"]
[Site "Civitanova Marche ITA"]
[Date "2015.05.02"]
[Round "6"]
[White "Messa, Roberto"]
[Black "D'Amore, Carlo"]
[WhiteElo "2291"]
[BlackElo "2469"]
[Result "1/2-1/2"]
[PlyCount "97"]
[EventDate "2015.04.29"]

1. e4 e5 2. Bc4 Nf6 3. Qe2 Bc5 4. c3 O-O 5. Bb3 Nc6 6. Nf3 d6 7. d3 Ne7 8. O-O
Ng6 9. h3 Bb6 10. a4 c6 11. Nh2 Nd7 12. Bc2 Nc5 13. a5 Bc7 14. d4 Ne6 15. dxe5
dxe5 16. Rd1 Nef4 17. Qf1 Qe7 18. Be3 Be6 19. Nd2 Rad8 20. b4 a6 21. Nhf3 Qf6
22. Kh2 h6 23. Ng1 Rd7 24. Ndf3 Rfd8 25. Rxd7 Bxd7 26. Rd1 Bc8 27. Rxd8+ Qxd8
28. Qd1 Qxd1 29. Bxd1 Ne6 30. Nd2 c5 31. Nc4 cxb4 32. cxb4 Ne7 33. Ba4 Nd4 34.
Nf3 Be6 35. Nfd2 f5 36. f3 Kf7 37. Kg1 fxe4 38. fxe4 Ne2+ 39. Kf2 Nc3 40. Bb3
Nc8 41. Bc5 Kf6 42. Ke3 Nb5 43. Kd3 h5 44. h4 g5 45. hxg5+ Kxg5 46. Nxe5 Bxb3
47. Nef3+ Kg4 48. Nxb3 Kg3 49. Ne1 1/2-1/2

[Event "XLVII C.to Italiano a squadre Master"]
[Site "Civitanova Marche ITA"]
[Date "2015.05.02"]
[Round "6"]
[White "Navarro, Stefano"]
[Black "Nicolo', Filippo"]
[WhiteElo "2266"]
[BlackElo "2031"]
[Result "1-0"]
[PlyCount "71"]
[EventDate "2015.04.29"]

1. e4 e6 2. d3 d5 3. Nd2 Nf6 4. Ngf3 Nc6 5. e5 Nd7 6. d4 f6 7. exf6 Qxf6 8. Nb3
Bd6 9. Bg5 Qf7 10. Qd2 O-O 11. O-O-O h6 12. Be3 a5 13. Kb1 a4 14. Nc1 Na5 15.
Nd3 Nc4 16. Qe1 b6 17. Nd2 b5 18. f4 Qe7 19. g4 Ndb6 20. Bg2 Bd7 21. Rf1 Nxe3
22. Qxe3 Nc4 23. Nxc4 bxc4 24. Nc5 Bxc5 25. dxc5 Ra5 26. Bxd5 Rxc5 27. f5 Kh8
28. Bxe6 Bb5 29. Qc3 a3 30. Qb4 c3 31. Rfe1 Re8 32. Qxa3 cxb2 33. Bb3 Qxe1 34.
Rxe1 Rxe1+ 35. Kxb2 Rce5 36. Qf8+ 1-0

[Event "XLVII C.to Italiano a squadre Master"]
[Site "Civitanova Marche ITA"]
[Date "2015.05.02"]
[Round "6"]
[White "Petrone, Gianmario"]
[Black "Simoli, Sergio"]
[WhiteElo "2074"]
[BlackElo "2212"]
[Result "1/2-1/2"]
[PlyCount "109"]
[EventDate "2015.04.29"]

1. e4 Nc6 2. Nf3 g6 3. d4 d6 4. h3 Bg7 5. Be3 Nf6 6. Nc3 O-O 7. Bb5 Bd7 8. e5
Ne8 9. Bf4 Nb4 10. Bc4 Bf5 11. Bb3 c6 12. a3 Na6 13. O-O d5 14. Ne2 f6 15. Ng3
Be6 16. Re1 Qd7 17. c3 Nac7 18. Bc2 Bf7 19. Qd2 Ne6 20. Bh6 N8c7 21. Re2 Rae8
22. Rae1 Kh8 23. Bxg7+ Kxg7 24. exf6+ exf6 25. Bd3 Qd6 26. Nh4 Qf4 27. Qxf4
Nxf4 28. Rxe8 Rxe8 29. Rxe8 Nxe8 30. Bf1 Nd6 31. Nf3 g5 32. Ne1 Bg6 33. f3 h5
34. Kf2 Kf7 35. Ke3 h4 36. Nh1 Ke6 37. Kd2 Bb1 38. Nf2 a5 39. Bd3 Ba2 40. Kc2
a4 41. Kd2 b6 42. Bf1 Bc4 43. Nfd3 Bxd3 44. Bxd3 f5 45. Ke3 b5 46. Kf2 Nc4 47.
Bxc4 dxc4 48. Ke3 Kd5 49. Kd2 c5 50. dxc5 Kxc5 51. Ke3 Kd5 52. Kd2 Ke5 53. Ke3
Kd5 54. Kd2 Ke5 55. Ke3 1/2-1/2

[Event "XLVII C.to Italiano a squadre Master"]
[Site "Civitanova Marche ITA"]
[Date "2015.05.02"]
[Round "6"]
[White "Qendro, Llambi"]
[Black "Cebalo, Miso"]
[WhiteElo "2334"]
[BlackElo "2389"]
[Result "1/2-1/2"]
[PlyCount "86"]
[EventDate "2015.04.29"]

1. d4 Nf6 2. c4 c5 3. d5 e6 4. Nc3 exd5 5. cxd5 d6 6. e4 g6 7. Bd3 a6 8. a4 Bg7
9. h3 Nbd7 10. Nf3 Nh5 11. Bg5 Bf6 12. Bh6 Ne5 13. Be2 Nxf3+ 14. Bxf3 Ng7 15.
O-O O-O 16. Qd2 Rb8 17. a5 b5 18. axb6 Rxb6 19. Be2 Re8 20. Ra2 Bd4 21. Bg5 f6
22. Bh6 Bxc3 23. bxc3 Rxe4 24. Bd3 Re7 25. Bxg7 Kxg7 26. Re1 Bb7 27. c4 Bc8 28.
Qa5 Rxe1+ 29. Qxe1 Rb7 30. Rxa6 Re7 31. Qa5 Qxa5 32. Rxa5 f5 33. Ra8 Rc7 34. f4
Kf6 35. Kf2 Ke7 36. Bc2 Rb7 37. Ke3 Kd8 38. Ba4 Rb2 39. Bb5 Kc7 40. Ra7+ Bb7
41. Bc6 Kb8 42. Rxb7+ Rxb7 43. Bxb7 Kxb7 1/2-1/2

[Event "XLVII C.to Italiano a squadre Master"]
[Site "Civitanova Marche ITA"]
[Date "2015.05.02"]
[Round "6"]
[White "Quirico, Paolo"]
[Black "Sorcinelli, Francesco"]
[WhiteElo "2101"]
[BlackElo "2160"]
[Result "1/2-1/2"]
[PlyCount "24"]
[EventDate "2015.04.29"]

1. d4 d5 2. Nf3 Nf6 3. e3 g6 4. Nbd2 Bg7 5. b4 O-O 6. Be2 Nbd7 7. Bb2 b6 8. O-O
Bb7 9. Rc1 c5 10. bxc5 bxc5 11. c4 cxd4 12. Bxd4 dxc4 1/2-1/2